Por el mar de las Antillas... (Registro nro. 106066)

Detalles MARC
000 -LEADER
campo de control de longitud fija 01643nam a2200457 i 4500
001 - NÚMERO DE CONTROL
campo de control MOR01000106393
003 - IDENTIFICADOR DE NÚMERO DE CONTROL
campo de control $$amxdfmo
005 - FECHA Y HORA DE LA ÚLTIMA TRANSACCIÓN
campo de control 20260331230916.0
008 - DATOS DE LONGITUD FIJA--INFORMACIÓN GENERAL
campo de control de longitud fija 180801s2017 cu g spa d
020 ## - NÚMERO INTERNACIONAL ESTÁNDAR DEL LIBRO
Número Internacional Estándar del Libro 9789593100342
035 ## - NÚMERO DE CONTROL DEL SISTEMA
Número de control de sistema 180904
040 ## - FUENTE DE CATALOGACIÓN
Centro catalogador/agencia de origen mxcmmo
Lengua de catalogación spa
Centro/agencia transcriptor mxcmmo
Normas de descripción rda
041 1# - CÓDIGO DE IDIOMA
Código de lengua del texto/banda sonora o título independiente spa
Código de lengua original eng
043 ## - CÓDIGO DE ÁREA GEOGRÁFICA
Código de área geográfica cc-----
045 ## - PERIODO DE TIEMPO DEL CONTENIDO
Código de periodo de tiempo x6y1
082 04 - NÚMERO DE LA CLASIFICACIÓN DECIMAL DEWEY
Número de clasificación 306.4
Número de ítem POR.e
245 00 - MENCIÓN DEL TÍTULO
Título Por el mar de las Antillas...
Resto del título : 50 años de turismo de cruceros en el Caribe/
Mención de responsabilidad, etc. Martha Honey [y otros] ; traductores Olimpia Sigarroa y Rafael Betancourt
250 ## - MENCION DE EDICION
Mención de edición Edición electrónica
264 #1 - PRODUCCIÓN, PUBLICACIÓN, DISTRIBUCIÓN, FABRICACIÓN Y COPYRIGHT
Producción, publicación, distribución, fabricación y copyright La Habana:
Nombre del de productor, editor, distribuidor, fabricante Ediciones Temas,
Fecha de producción, publicación, distribución, fabricación o copyright 2017
300 ## - DESCRIPCIÓN FÍSICA
Extensión 1 CD-ROM;
Dimensiones 4 3/4 pulgadas
336 ## - TIPO DE CONTENIDO
Término de tipo de contenido texto
Código de tipo de contenido txt
Fuente rdacontent
337 ## - TIPO DE MEDIO
Nombre/término del tipo de medio computadora
Código del tipo de medio c
Fuente rdamedia
338 ## - TIPO DE SOPORTE
Nombre/término del tipo de soporte recurso en línea
Código del tipo de soporte cr
Fuente rdacarrier
500 ## - NOTA GENERAL
Nota general Libro electrónico
541 0# - NOTA DE FUENTE DE ADQUISICIÓN DIRECTA
Fuente de adquisición De Temas y Letras
Forma de adquisición Compra
650 #7 - PUNTO DE ACCESO ADICIONAL DE MATERIA--TÉRMINO DE MATERIA
Término de materia o nombre geográfico como elemento de entrada Océano, Viajes por el
Subdivisión general Aspectos turísticos
-- Historia
9 (RLIN) 189454
650 #7 - PUNTO DE ACCESO ADICIONAL DE MATERIA--TÉRMINO DE MATERIA
Término de materia o nombre geográfico como elemento de entrada Transporte acuático
Subdivisión general Aspectos turísticos
-- Historia
9 (RLIN) 189455
650 #7 - PUNTO DE ACCESO ADICIONAL DE MATERIA--TÉRMINO DE MATERIA
Término de materia o nombre geográfico como elemento de entrada Turismo
Subdivisión geográfica Caribe
Subdivisión general Historia
9 (RLIN) 189456
651 #7 - PUNTO DE ACCESO ADICIONAL DE MATERIA--NOMBRE GEOGRÁFICO
Nombre geográfico Caribe
Subdivisión general Descripción y viajes
Subdivisión cronológica Siglo XX
9 (RLIN) 189457
700 1# - ENTRADA AGREGADA--NOMBRE PERSONAL
Nombre de persona Betancourt, Rafael
Término indicativo de función/relación traductor
9 (RLIN) 189458
700 1# - ENTRADA AGREGADA--NOMBRE PERSONAL
Nombre de persona Honey, Martha
Término indicativo de función/relación autor
9 (RLIN) 178858
700 1# - ENTRADA AGREGADA--NOMBRE PERSONAL
Nombre de persona Sigarroa, Olimpia
Término indicativo de función/relación traductor
9 (RLIN) 168884
900 ## - ELEMENTOS DE DATOS A LOCAL, LDA (RLIN)
Nombre de persona CATY
Numeración 30
Títulos y otros términos asociados al nombre 20180814
Lenguaje de la obra MOR01
-- 1201
900 ## - ELEMENTOS DE DATOS A LOCAL, LDA (RLIN)
Nombre de persona KLASY
Numeración 30
Títulos y otros términos asociados al nombre 20180816
Lenguaje de la obra MOR01
-- 1253
900 ## - ELEMENTOS DE DATOS A LOCAL, LDA (RLIN)
Nombre de persona KLASY
Numeración 30
Títulos y otros términos asociados al nombre 20180816
Lenguaje de la obra MOR01
-- 1253
900 ## - ELEMENTOS DE DATOS A LOCAL, LDA (RLIN)
Nombre de persona LUIS
Numeración 20
Títulos y otros términos asociados al nombre 20180801
Lenguaje de la obra MOR01
-- 1328
900 ## - ELEMENTOS DE DATOS A LOCAL, LDA (RLIN)
Nombre de persona LUIS
Numeración 20
Títulos y otros términos asociados al nombre 20180801
Lenguaje de la obra MOR01
-- 1328
900 ## - ELEMENTOS DE DATOS A LOCAL, LDA (RLIN)
Nombre de persona VOBO
Numeración 40
Títulos y otros términos asociados al nombre 20181004
Lenguaje de la obra MOR01
-- 1259
904 ## - ELEMENTOS DE DATOS D LOCAL, LDD (RLIN)
a UPDATE
942 ## - ELEMENTOS DE ENTRADA SECUNDARIOS (KOHA)
Código de la institución [OBSOLETO] CF
901 ## - ELEMENTOS DE DATOS A LOCAL LDA (RLIN)
a batch batch
Existencias
Estatus retirado Estado de pérdida Fuente del sistema de clasificación o colocación Estado de daño Restricciones de uso No para préstamo Colección Biblioteca de origen Biblioteca actual Ubicación en estantería Fecha de adquisición Fuente de adquisición Número de inventario Total de préstamos Signatura topográfica completa Código de barras Visto por última vez Precio de reemplazo Tipo de ítem Koha
    Clasificación Decimal Dewey   Restringido   Discos Compactos (General) Biblioteca Nicolas Poussin Biblioteca Nicolas Poussin Préstamo Mínimo 14/08/2018   180904   (DC)/306.4 POR.e 33068011396787 03/09/2024 03/09/2024 CD-ROM